Rozvoj regiónu cez transfer manažérskych a technologických poznatkov bakalárska práca

Saved in:
Bibliographic Details
Main Author: Seňová, Andrea
Corporate Author: Podnikovohospodárska fakulta EU so sídlom v Košiciach. Katedra ekonómie
Other Authors: Pétrová, Rozália
Format: Book
Language:Slovak
Published: Košice 2011
Tags: Add Tag
No Tags, Be the first to tag this record!

MARC

LEADER 00000nbm a2200000 4500
001 0139338
005 20240827092948.1
041 0 |a slo 
044 |a SK 
245 1 0 |a Rozvoj regiónu cez transfer manažérskych a technologických poznatkov  |b bakalárska práca  |c Andrea Seňová ; školiteľ: Rozália Pétrová 
264 1 |a Košice  |c 2011 
300 |a 69 s. 
100 1 |a Seňová, Andrea 
700 1 |a Pétrová, Rozália 
710 2 |a Podnikovohospodárska fakulta EU so sídlom v Košiciach. Katedra ekonómie